French Composers - with Picture - Statistics

General Stats
  • This quiz has been taken 73 times
  • The average score is 10 of 24
Answer Stats
Picture Hint Answer % Correct
Impressionism - "Nocturnes", "Clair de lune" (1862-1918) Claude Debussy
90%
Impressionism - "Bolero" (1875-1937) Maurice Ravel
90%
Romantic, Opera - "The Pearl Fishers", "Carmen" (1838-1875) Georges Bizet
82%
"Gymnopedies", "Socrate" (1866-1925) Erik Satie
80%
Romantic - "The Carnival of the Animals", "Danse Macabre" (1835-1921) Camille Saint-Saens
78%
Romantic - "Symphonie Fantastique" (1803-1869) Hector Berlioz
75%
Baroque - "Grand Dieu Sauve le Roi" (1632-1687) Jean-Baptiste Lully
55%
Romantic - "Requiem" (1845-1924) Gabriel Faure
53%
Opera - "Faust", "Romeo et Juliette" (1818-1893) Charles Gounod
51%
Opera - "Hippolyte et Aricie" (1683-1764) Jean-Philippe Rameau
45%
Romantic, Opera - "Manon", "Werther" (1842-1912) Jules Massenet
45%
Jazz Composer - Gypsy Jazz (1910-1953) Django Reinhardt
43%
Opera - "La voix humaine" (1899-1963) Francis Poulenc
35%
Medieval - "Messe de Nostre Dame" (1300-1377) Guillaume de Machaut
31%
Serialism (1925-2016) Pierre Boulez
27%
Baroque - "Te Deum" (1643-1704) Marc-Antoine Charpentier
25%
Renaissance - Franco-Flemish School (1450-1521) Josquin des Prez
24%
Opera - "Saint Francois d'Assise" (1908-1992) Olivier Messiaen
22%
Film Composer - The Grand Budapest Hotel (1961) Alexandre Desplat
20%
Early Renaissance - Burgundiam School (1397-1474) Guillaume Du Fay
20%
Electronic Music - Organized Sound (1883-1965) Edgard Varese
18%
Romantic - "Espana" (1841-1894) Emmanuel Chabrier
14%
Opera - "Fervaal" (1851-1931) Vincent d'Indy
12%
Film Composer - Amelie (1970) Yann Tiersen
10%
No matching quizzes found
Score Distribution
Percent of People with Each Score
Percentile by Number Answered
Your Score History
You have not taken this quiz